|
|
|
|
| LEADER |
00598cam a2200181ua 4500 |
| 020 |
|
|
|a 81-265-0805-1
|
| 082 |
|
|
|a 005.14
|b TIA/S
|
| 100 |
0 |
|
|a Tian, Jeff
|
| 245 |
1 |
0 |
|a Software quality engineering: Testing quality assurance, and quantifiable improvement /
|
| 250 |
|
|
|a 1st ed.
|
| 260 |
|
|
|a NewDelhi:
|b John Willy & Sons,
|c 2006.
|
| 300 |
|
|
|a 387p..
|
| 500 |
|
|
|a Includes index.
|
| 650 |
|
|
|a Computer science
|
| 650 |
0 |
|
|a software quality
|
| 942 |
|
|
|c BK
|
| 999 |
|
|
|c 14239
|d 14239
|
| 952 |
|
|
|0 0
|1 0
|4 0
|6 005_140000000000000_TIA
|7 0
|9 14843
|a KUCL
|b KUCL
|d 2014-05-23
|l 0
|o 005.14 TIA/
|p 16640
|r 2014-05-23
|w 2014-05-23
|y BK
|